Vornamen in Songtiteln - Statistiken

Allgemein
  • Dieses Quiz wurde 1.320 mal gespielt
  • Das Durchschnittsergebnis liegt bei 5 aus 15
Antwortstatistiken
Hint Antwort % Korrekt
Call me ______ by Paul Simon A Al
68%
Dirty _____ by Michael Jackson D Diana
64%
Hey there _______ by Plain White T's D Delilah
59%
Living Next Door to ______ by Smokie A Alice
50%
______ in the Sky by The Beatles L Lucy
48%
______'s Prayer by Danny Wilson M Mary
40%
Come on _______ by Dexys Midnight Runners E Eileen
39%
Baby ______ by Rod Stewart J Jane
38%
______ Mulligan by Ed Sheeran N Nancy
28%
Wake up Little _____ by The Everly Brothers S Susie
25%
Whole Lotta ______ by AC/DC R Rosie
23%
Help me, _____ by The Beach Boys R Rhonda
14%
A Boy Named _______ by Johnny Cash S Sue
14%
______ the Elephant by Toy Dolls N Nellie
13%
______ the Stripper by Chris de Burgh P Patricia
6%
Keine übereinstimmenden Quizze gefunden
Verteilung der Resultate
Anzahl Personen mit jedem Resultat
Perzentil nach korrekt beantworteten Fragen
Ihre Resultats-Entwicklung
Sie haben dieses Quiz noch nicht gespielt